Baku.Fotoalbum

Gespeichert in:
Bibliographische Detailangaben
Format: Buch
Sprache:Russisch
Veröffentlicht: Baku : Išyg, 1986
Schlagworte:
Tags: Tag hinzufügen
Keine Tags, Fügen Sie das erste Tag hinzu!

MARC

LEADER 00000nam a22000003a 4500
001 stu190647
005 20141123072017.9
008 090924s1986------------------------rus-d
040 |a STU  |b slo 
041 0 |a rus 
245 |a Baku.Fotoalbum 
260 |a Baku :  |b Išyg,  |c 1986 
300 |a 181 s 
650 7 |a Baku  |2 stusub 
650 7 |a metropoly  |2 stusub 
996 |b 284AU04323  |c A*6752 U  |l AAKNAR  |s A  |a 24  |w stu190647_0001